<?xml version="1.0" encoding="UTF-8"?>
<collection xmlns="http://www.loc.gov/MARC21/slim">
 <record>
  <leader>05583nam a2200373 a 4500</leader>
  <controlfield tag="001">kal2520</controlfield>
  <controlfield tag="003">Gr-AtHEAL</controlfield>
  <controlfield tag="005">20160503224555.0</controlfield>
  <controlfield tag="006">m        d        </controlfield>
  <controlfield tag="008">160413s2015    gr      s           gre|c</controlfield>
  <datafield tag="020" ind1=" " ind2=" ">
   <subfield code="a">9789606031069</subfield>
  </datafield>
  <datafield tag="040" ind1=" " ind2=" ">
   <subfield code="a">GR-AtHEAL</subfield>
   <subfield code="b">gre</subfield>
   <subfield code="c">GR-AtHEAL</subfield>
  </datafield>
  <datafield tag="082" ind1="0" ind2="4">
   <subfield code="a">551</subfield>
   <subfield code="2">23</subfield>
  </datafield>
  <datafield tag="100" ind1="1" ind2=" ">
   <subfield code="a">Νικολακόπουλος, Κωνσταντίνος.</subfield>
   <subfield code="8">1155</subfield>
  </datafield>
  <datafield tag="245" ind1="1" ind2="0">
   <subfield code="a">Υδρολογία με χρήση γεωγραφικών συστημάτων πληροφοριών και δεδομένων τηλεπισκόπησης</subfield>
   <subfield code="h">[Ηλεκτρονικός πόρος] </subfield>
   <subfield code="c">Νικολακόπουλος, Κωνσταντίνος ; Λαμπράκης, Νικόλαος ; Κατσάνου, Κωνσταντίνα ; Κριτικός αναγνώστης,Παππάς, Βασίλειος ; Γραφιστική επιμέλεια,Παπακοσμάς, Ιωάννης.</subfield>
  </datafield>
  <datafield tag="260" ind1=" " ind2=" ">
   <subfield code="a">Αθήνα :</subfield>
   <subfield code="b">Σύνδεσμος Ελληνικών Ακαδημαϊκών Βιβλιοθηκών,</subfield>
   <subfield code="c">c2015.</subfield>
  </datafield>
  <datafield tag="490" ind1=" " ind2=" ">
   <subfield code="a">Ακαδημαϊκά Ηλεκτρονικά Συγγράμματα και Βοηθήματα Κάλλιπος</subfield>
   <subfield code="8">40</subfield>
  </datafield>
  <datafield tag="520" ind1=" " ind2=" ">
   <subfield code="a">Το βιβλίο αποτελείται από δεκαέξι κεφάλαια. Στόχος του είναι να εφοδιάσει τους φοιτητές με την απαραίτητη γνώση των αρχών της υδρολογίας, αλλά και των νέων τεχνολογικών επιτευγμάτων στους τομείς των ΓΣΠ και της Τηλεπισκόπησης προκειμένου να μπορέσουν να ανταποκριθούν στοιχειωδώς στις απαιτήσεις των σύγχρονων περιβαλλοντικών θεμάτων που σχετίζονται με τη διαχείριση του νερού και την προστασία του. Στα πρώτα κεφάλαια αναλύει και ερμηνεύει τις παραμέτρους του Υδρολογικού κύκλου δίνοντας ιδιαίτερη έμφαση στα ακόλουθα μεγάλα θέματα: α) στη Δυναμική Εξατμισοδιαπνοή: β) στα υδρογραφήματα και στις μεθόδους υπολογισμού της απορροής: Στη συνέχεια παρουσιάζονται σε όλες οι βασικές γνώσεις που χρειάζεται ένας επιστήμονας γύρω από τα αντικείμενα των ΓΣΠ και της Τηλεπισκόπησης και των εφαρμογών τους στην Υδρολογία.Παρουσιάζονται σε ξεχωριστά κεφάλαια οι βασικές έννοιες των ΓΣΠ, των Συστημάτων Συντεταγμένων, των Προβολικών συστημάτων (παρουσιάζονται λεπτομερώς αυτά τα προβολικά που χρησιμοποιούνται στον Ελλαδικό χώρο) και οι βασικές αρχές προ-επεξεργασίας δεδομένων τηλεπισκόπησης. Σε ξεχωριστό κεφάλαιο γίνεται εκτενής αναφορά στα Ψηφιακά Μοντέλα Αναγλύφου και στο πως αυτά μπορούν να χρησιμοποιηθούν στην Υδρολογία για τον αυτόματο υπολογισμό υδρολογικών λεκανών και την αυτόματη εξαγωγή υδρογραφικού δικτύου.Στη συνέχεια παρουσιάζονται οι βασικές έννοιες της χωρικής παρεμβολής και πως αυτές μπορεί να εφαρμοστούν στην υδρολογία.Τέλος παρουσιάζεται η πλέον σύγχρονη διαδικασία της χρήσης θερμικών δεδομένων τηλεπισκόπησης για τον υπολογισμό της εξατμισοδιαπνοής με πολλά παραδείγματα από τον Ελλαδικό χώρο.</subfield>
  </datafield>
  <datafield tag="650" ind1=" " ind2="0">
   <subfield code="a">Hydrology</subfield>
   <subfield code="8">2734</subfield>
  </datafield>
  <datafield tag="653" ind1=" " ind2=" ">
   <subfield code="a">Υδρογεωλογία</subfield>
  </datafield>
  <datafield tag="653" ind1=" " ind2=" ">
   <subfield code="a">Τηλεπισκόπηση</subfield>
  </datafield>
  <datafield tag="653" ind1=" " ind2=" ">
   <subfield code="a">Γεωγραφικά πληροφοριακά συστήματα</subfield>
  </datafield>
  <datafield tag="653" ind1=" " ind2=" ">
   <subfield code="a">Υδρολογία</subfield>
  </datafield>
  <datafield tag="653" ind1=" " ind2=" ">
   <subfield code="a">Τεχνολογία και επιστήμες μηχανικών</subfield>
   <subfield code="a">Επιστήμες αγρονόμου-τοπογράφου μηχανικού</subfield>
   <subfield code="a">Γεωγραφικά συστήματα πληροφοριών</subfield>
  </datafield>
  <datafield tag="653" ind1=" " ind2=" ">
   <subfield code="a">Επιστήμες της γης</subfield>
   <subfield code="a">Γενική γεωλογία</subfield>
   <subfield code="a">Γεωλογική τηλεπισκόπηση</subfield>
  </datafield>
  <datafield tag="653" ind1=" " ind2=" ">
   <subfield code="a">Γεωπονικές επιστήμες</subfield>
   <subfield code="a">Φυσικοί πόροι, επιστήμες γης και περιβάλλοντος</subfield>
   <subfield code="a">Υδρολογία</subfield>
  </datafield>
  <datafield tag="700" ind1="1" ind2=" ">
   <subfield code="a">Λαμπράκης, Νικόλαος</subfield>
   <subfield code="e">Συγγραφέας</subfield>
   <subfield code="8">1156</subfield>
  </datafield>
  <datafield tag="700" ind1="1" ind2=" ">
   <subfield code="a">Κατσάνου, Κωνσταντίνα</subfield>
   <subfield code="e">Συγγραφέας</subfield>
   <subfield code="8">1157</subfield>
  </datafield>
  <datafield tag="700" ind1="1" ind2=" ">
   <subfield code="a">Παππάς, Βασίλειος</subfield>
   <subfield code="e">Κριτικός αναγνώστης</subfield>
   <subfield code="8">1158</subfield>
  </datafield>
  <datafield tag="856" ind1="4" ind2="0">
   <subfield code="u">http://hdl.handle.net/11419/2520</subfield>
   <subfield code="z">Πλήρες Κείμενο - Full text</subfield>
  </datafield>
  <datafield tag="907" ind1=" " ind2=" ">
   <subfield code="a">.b25679442</subfield>
   <subfield code="b">12-06-18</subfield>
   <subfield code="c">29-07-16</subfield>
  </datafield>
  <datafield tag="949" ind1=" " ind2=" ">
   <subfield code="0">0</subfield>
   <subfield code="1">0</subfield>
   <subfield code="2">ddc</subfield>
   <subfield code="4">0</subfield>
   <subfield code="6">551_000000000000000_ΝΙΚ</subfield>
   <subfield code="7">0</subfield>
   <subfield code="8">KALL</subfield>
   <subfield code="8">703</subfield>
   <subfield code="d">2016-04-13</subfield>
   <subfield code="r">2016-04-13</subfield>
   <subfield code="w">2016-04-13</subfield>
   <subfield code="z">551 ΝΙΚ</subfield>
   <subfield code="o">SEAB KALLIPOS</subfield>
  </datafield>
  <datafield tag="998" ind1=" " ind2=" ">
   <subfield code="a">80</subfield>
   <subfield code="a">01</subfield>
   <subfield code="a">02</subfield>
   <subfield code="a">03</subfield>
   <subfield code="a">04</subfield>
   <subfield code="a">05</subfield>
   <subfield code="a">06</subfield>
   <subfield code="a">07</subfield>
   <subfield code="a">08</subfield>
   <subfield code="a">09</subfield>
   <subfield code="a">10</subfield>
   <subfield code="a">11</subfield>
   <subfield code="a">12</subfield>
   <subfield code="a">13</subfield>
   <subfield code="a">14</subfield>
   <subfield code="a">15</subfield>
   <subfield code="a">16</subfield>
   <subfield code="a">17</subfield>
   <subfield code="a">18</subfield>
   <subfield code="a">19</subfield>
   <subfield code="a">20</subfield>
   <subfield code="a">21</subfield>
   <subfield code="a">22</subfield>
   <subfield code="a">23</subfield>
   <subfield code="a">24</subfield>
   <subfield code="a">25</subfield>
   <subfield code="a">26</subfield>
   <subfield code="b">15-05-17</subfield>
   <subfield code="c">m</subfield>
   <subfield code="d">z  </subfield>
   <subfield code="e">-</subfield>
   <subfield code="f">gre</subfield>
   <subfield code="g">gr </subfield>
   <subfield code="h">0</subfield>
  </datafield>
  <datafield tag="942" ind1=" " ind2=" ">
   <subfield code="2">ddc</subfield>
   <subfield code="c">KALLIPOS</subfield>
  </datafield>
 </record>
</collection>
